BL Dramas by Main Couple Picture #3 - Statistics

General Stats
  • This quiz has been taken 70 times
  • The average score is 7 of 16
Answer Stats
Picture Answer % Correct
Love Sea
75%
Star and Sky: Star in My Mind
65%
Top Form
62%
Theory of Love
60%
My Golden Blood
58%
Cherry Magic! Thirty Years of Virginity Can Make You a Wizard?!
48%
Only Boo !
46%
I Told Sunset about You
44%
Love in Translation
38%
Lovely Writter
37%
My Stand-In
37%
Naughty Babe
37%
HIStory3: Trapped
35%
This Love Doesn't Have Long Beans
31%
Ai Long Nhai
21%
Our Dating Sim
12%
No matching quizzes found
Score Distribution
Percent of People with Each Score
Percentile by Number Answered
Your Score History
You have not taken this quiz